| 000 | 00540nam a2200145 4500 | ||
|---|---|---|---|
| 999 |
_c19188 _d19188 |
||
| 008 | 240216b ||||| |||| 00| 0 eng d | ||
| 020 | _a898181267 | ||
| 082 |
_aDC 320.73 _bC33 1992 |
||
| 245 |
_aWe the people... _cDirected by the Center for Civic Education. |
||
| 260 |
_aCalabasas, CA : _bCenter for Civic Education, _c©1992. |
||
| 300 |
_avii, 164 pages : _billustrations ; _c28 cm. |
||
| 500 | _aIncludes glossary, bibliographical references and index. | ||
| 650 |
_zUnited States _xPolitics and government. _952602 |
||
| 942 |
_2ddc _cDC |
||